000 00591nam a2200193 a 4500
003 AM-YeHGA
040 _aAM-YeHGA
090 _c122702
001 000325287
005 20250618072042.0
008 040408s1861 ||| r 000 0 arm d
041 0 _aarm
100 0 _aՎարդան Բարձրբերդցի
_94822
245 1 0 _aՊատմութիւն տիեզերական /
_cՎարդան Բարձրբերդցի.
260 _aՄոսկվա :
_bԼազարեան Ճեմարան,
_c1861.
300 _a290 էջ.
650 1 4 _aՀայ ժողովրդի պատմություն
942 _2udc
_cBK
999 _c121349
_d121349